Buy to let (Record no. 106005)

MARC details
000 -LEADER
fixed length control field 01327cam a2200217 4500
001 - CONTROL NUMBER
control field ##L135326
008 - FIXED-LENGTH DATA ELEMENTS--GENERAL INFORMATION
fixed length control field 061016n2006 000 0 eng u
035 ## - SYSTEM CONTROL NUMBER
System control number (Sirsi) u135326
041 04 - LANGUAGE CODE
Language code of text/sound track or separate title eng
050 04 - LIBRARY OF CONGRESS CALL NUMBER
Classification number 346.4104342 $2 18
100 1# - MAIN ENTRY--PERSONAL NAME
Personal name Ball, Michael
245 00 - TITLE STATEMENT
Title Buy to let
Remainder of title the revolution - 10 years on
-- assessment and prospects
260 ## - PUBLICATION, DISTRIBUTION, ETC.
Place of publication, distribution, etc. Amersham
Name of publisher, distributor, etc. ARLA
Date of publication, distribution, etc. 2006
520 ## - SUMMARY, ETC.
Summary, etc. Provides an overview of the development of the buy to let market over the last decade and assesses its current status and future. Buy to let has become a major industry that is forecast to grow. It has spread the privately rented sector, increased housing opportunities and competition and has helped to stabilise the housing market. Buy to let mainly houses young adults and buy to let borrowings represent well under half of the value of dwellings. Buy to let landlords are taking a growing share of the private rental market, mostly own only one or two properties, are relatively young and recent investors. Graphs.
590 ## - LOCAL NOTE (RLIN)
Local note IKA171006 NTK
651 #4 - SUBJECT ADDED ENTRY--GEOGRAPHIC NAME
Geographic name England
Chronological subdivision 886-
690 ## - LOCAL SUBJECT ADDED ENTRY--TOPICAL TERM (OCLC, RLIN)
Topical term or geographic name as entry element PROPERTY-RESIDENTIAL PROPERTY-RESIDENTIAL PROPERTY MARKET
710 2# - ADDED ENTRY--CORPORATE NAME
Corporate name or jurisdiction name as entry element Association of Residential Letting Agents
9 (RLIN) 3020
856 40 - ELECTRONIC LOCATION AND ACCESS
Uniform Resource Identifier <a href="https://www.arla.co.uk/news/250906.htm">https://www.arla.co.uk/news/250906.htm</a>
Public note View the report free of charge at www.arla.co.uk...
942 ## - ADDED ENTRY ELEMENTS (KOHA)
Suppress in OPAC 0
Holdings
Withdrawn status Lost status Source of classification or shelving scheme Damaged status Not for loan Home library Current library Shelving location Date acquired Total Checkouts Full call number Barcode Date last seen Copy number Price effective from Koha item type
    Dewey Decimal Classification     Virtual Virtual Online 16/10/2006   ONLINE PUBLICATION 135326-2001 06/08/2019 1 06/08/2019 Book